000 00448nam a2200157 i 4500
001 95494
003 ES-MaACL
005 20230906181722.0
007 t|
008 050530s1902 sp ||||1| spa d
100 1 _aLlanas Aguilaniedo, José María.
_9128994
245 1 0 _aDel jardín del amor
_b: (novela) /
_cJosé María Llanas Aguilamiedo.
260 _aMadrid :
_bCorchero,
_c1902.
300 _a134 p. ;
_c18 cm.
852 _aES-MaACL
_jF-9837
999 _c95494
_d95494